| 000 | 00545nam a2200205Ia 4500 | ||
|---|---|---|---|
| 003 | OSt | ||
| 005 | 20251211113840.0 | ||
| 008 | 210707s1982 xx 000 0 und d | ||
| 040 | _cAL | ||
| 041 | _aKannada | ||
| 082 | _aK894.3 SHAM | ||
| 100 |
_aSHANTINATHA DESAYI _dಶಾಂತಿನಾಥ ದೇಸಾಯಿ _9248832 |
||
| 245 |
_aMukti _bಮುಕ್ತಿ |
||
| 260 |
_aBengaluru _bVishva Kannada Sammelana _c1982 |
||
| 300 | _a304,iv p | ||
| 365 |
_b2 _cINR |
||
| 563 | _aPB | ||
| 650 |
_aKannada Fiction _9248833 |
||
| 942 |
_2ddc _cBK |
||
| 999 |
_c180162 _d180162 |
||